| 000 | 00376 a2200133 4500 | ||
|---|---|---|---|
| 001 | 91309 | ||
| 082 | _aPR 1206 | ||
| 090 |
_c43416 _d43415 |
||
| 100 | _aMuhammad Ali jafri; | ||
| 245 |
_aTheoratilcal experimental Study of influence of Conformal Fuel tanks on F-7P A/C _n43 "A" EC |
||
| 260 |
_aKarachi _bNED University _c1995 |
||
| 300 | _a127p | ||
| 500 | _aBE Project Repots | ||
| 942 |
_aCAE NUST _kPR 1206 |
||
| 999 |
_c326382 _d326382 |
||